Statistiken für Flugzeugflotten Teil 29-Thai Airways

Klicken Sie hier um das Quiz zu spielen!

Allgemein

  • Dieses Quiz wurde 23 mal gespielt
  • Das Durchschnittsergebnis liegt bei 4 aus 5

Antwortstatistiken

AnzahlFlugzeugtyp% Korrekt
17Boeing 777-300ER
94%
6Boeing 787-8
89%
2Boeing 787-9
89%
6Boeing 777-200ER
83%
12Airbus A350-900
78%

Verteilung der Resultate

Perzentil nach korrekt beantworteten Fragen

Anzahl Personen mit jedem Resultat

Ihre Resultats-Entwicklung

Sie haben dieses Quiz noch nicht gespielt